000 00267nam a2200109Ia 4500
008 190216s9999||||xx |||||||||||||| ||und||
100 _aRamanappa M N V
245 0 _aOut Line Of South Indian History
260 _bVikas Publications
650 _aHistory
942 _cBK
999 _c19440
_d19440